|
|
|
|
| LEADER |
00727nam a22002412a 4500 |
| 001 |
001421253 |
| 003 |
CZ BrMZK |
| 005 |
20150217141912.0 |
| 007 |
ta |
| 008 |
140919s1962 gw f er|||||||||||ger d |
| 040 |
|
|
|a ABA001
|b cze
|d BOA001
|
| 041 |
1 |
|
|a ger
|h cze
|
| 080 |
9 |
|
|a 885-93-322.9:56=3
|
| 100 |
1 |
|
|a Augusta, Josef,
|d 1903-1968
|7 jk01010421
|4 aut
|
| 245 |
1 |
0 |
|a An den Lagerfeuern der Altsteinzeit /
|c Josef Augusta
|
| 250 |
|
|
|a 2., überarb. Aufl.
|
| 260 |
|
|
|a Jena :
|b Urania,
|c 1962
|
| 300 |
|
|
|a 217 s., příl.
|
| 500 |
|
|
|a Přeloženo z češtiny
|
| 910 |
|
|
|a BOA001
|b 2-0399.719-62
|
| 990 |
|
|
|a BK
|
| 991 |
|
|
|b 201409
|
| 996 |
7 |
|
|b 2619129012
|c 2-0399.719-62
|l MZK
|r Sklad / do 24 hodin
|n 0
|w 001456351
|u 000010
|a 1
|e BOA001
|j MZK50
|s A
|